000 00629nam a2200241 i 4500
001 C2-0089045
003 PPAK
005 20180727091653.0
008 970507s1992 my |||| ||||| | may d
020 _a9838312258
040 _aPPAK
_beng
_cPPAK
_erda
082 0 4 _a899.233
_223
090 0 0 _a899.233
_bOSM
_dG
100 0 _aOsman Dol,
_eauthor
245 1 0 _aSinar di puncak mahligai
264 1 _aShah Alam, Selangor :
_bMarwilis ,
_c1992
300 _a135 pages ;
_c18 cm
336 _2rdacontent
_atext
337 _2rdamedia
_aunmediated
338 _2rdacarrier
_avolume
650 1 0 _aMalay fiction
942 _ddc
_cB
999 _c18481
_d18481